La ciencia de Mayo: la cultura científica en el Río de la Plata, 1800-1820

Shranjeno v:
Bibliografske podrobnosti
Glavni avtor: Asúa, Miguel de (Author)
Format: Knjiga
Jezik:španščina
Izdano: Buenos Aires Fondo de Cultura Económica 2010
Izdaja:1a. ed
Teme:
Oznake: Označite
Brez oznak, prvi označite!

MARC

LEADER 00000nam a2200000 a 4500
001 UCG5212
003 CL-VaPUC
008 110113e20100000AG |||||||||||||||||spa|d
020 |a 9789505578313 
082 0 4 |a 982.16368  |b ASU  |2 21 
100 0 |a Asúa, Miguel de  |e author  |9 554819 
245 1 3 |a La ciencia de Mayo: la cultura científica en el Río de la Plata, 1800-1820 
250 |a 1a. ed 
300 |a 251 p 
942 |c BK 
945 |d 20110113 00:00:00  |a dcastane 
260 |a Buenos Aires  |b Fondo de Cultura Económica  |c 2010 
650 0 |a Historia de Argentina  |9 319851 
650 7 |a CIENCIA SIGLO 19  |2 CL-VaPUC  |9 554820 
651 0 |a Argentina  |9 254888 
583 |a last modification  |c 20110113 00:00:00  |k Rodrigo Vera 
999 |c 343776  |d 343774 
952 |0 0  |1 0  |4 0  |6 982_163680000000000_ASU_2010  |7 0  |8 A  |9 441357  |a BIBHIS  |b BIBHIS  |d 2019-11-22  |i 474649K  |o 982.16368 ASU 2010  |p 474649K  |r 2025-01-20  |w 2019-11-22  |y BK  |k HIS